| 000 | 01266nam0a22002651 4500 | ||
|---|---|---|---|
| 001 | rc\3548067 | ||
| 005 | 20260408023328.0 | ||
| 021 |
_aRU _bРг8354-69 |
||
| 021 |
_aRU _b69-59181 |
||
| 035 | _a(NLR Aleph) 007636483 | ||
| 090 |
_a6079504 _c6079504 |
||
| 100 | _a20130115d1969 |||y0rusy50 ca | ||
| 101 | 0 | _arus | |
| 102 | _aRU | ||
| 105 | _aa z ||||| | ||
| 200 | 1 |
_aВременная инструкция по установлению опасных и неопасных зон по внезапным выбросам угля и газа в угольных пластах Карагандинского бассейна _eУтв. 3/I 1969 г. _fУпр. угольной пром-сти КазССР. Вост. науч.-исслед. ин-т по безопасности работ в горной пром-сти. ВостНИИ. Караганд. отд-ние |
|
| 210 |
_aКараганда _cБ. и. _d1969 |
||
| 215 |
_a20 с. _cчерт. _d21 |
||
| 309 | _aОтпеч. множит. аппаратом | ||
| 712 | 0 | 1 |
_aКазССР _bУправление угольной промышленности _9864396 _3RU\NLR\AUTH\8810183832 |
| 801 | 0 |
_aRU _bNLR _gpsbo |
|
| 801 | 1 |
_aRU _bELAR _2rusmarc |
|
| 852 |
_aNLR _j69-4/19406 |
||
| 942 | _cBOOK | ||
| 980 | _aNB | ||